[Event "Olomouc Seniors 65 op"]
[Site "Olomouc"]
[Date "2024.08.12"]
[Round "4"]
[White "Pesek, Petr"]
[Black "Zitek, Jiri"]
[Result "0-1"]
[WhiteElo "1903"]
[BlackElo "1773"]
[PlyCount "90"]
[EventDate "2024.08.10"]
[EventType "swiss"]
[EventRounds "9"]
[EventCountry "CZE"]
[SourceTitle "CBM 221 Extra"]
[Source "ChessBase"]
[SourceDate "2024.09.30"]
[SourceVersion "1"]
[SourceVersionDate "2024.09.30"]
[SourceQuality "1"]

1. e4 c6 2. d4 d6 3. Nf3 Nd7 4. Be2 Qc7 5. Nc3 h6 6. 0-0 g5 7. Be3 Bg7 8. Qd3 Ngf6 9. Rae1 0-0 10. Nd2 e5 11. h3 Rd8 12. d5 Nf8 13. f3 Ng6 14. Kh2 a6 15. Rg1 Bd7 16. g3 b5 17. Nf1 b4 18. Nd1 cxd5 19. exd5 Qa5 20. c4 Qxa2 21. Bf2 Re8 22. Nd2 Qa5 23. h4 gxh4 24. gxh4 Nf4 25. Qe3 Bf5 26. Ne4 Qd8 27. Rg3 N6h5 28. Rgg1 Kh7 29. b3 Ng6 30. Rxg6 fxg6 31. Rg1 Nf4 32. Bf1 Bf6 33. Nxf6+ Qxf6 34. Nb2 Rg8 35. Qb6 Rgb8 36. Qc7+ Kh8 37. Na4 Rg8 38. Qb6 a5 39. Qe3 g5 40. Nb6 Rab8 41. Na4 Rb7 42. hxg5 hxg5 43. Kg3 Rh7 44. Nb2 g4 45. fxg4 Bxg4 0-1

[Event "Olomouc Seniors 65 op"]
[Site "Olomouc"]
[Date "2024.08.11"]
[Round "3"]
[White "Sejkora, Vlastimil"]
[Black "Pesek, Petr"]
[Result "1-0"]
[WhiteElo "2112"]
[BlackElo "1903"]
[PlyCount "63"]
[EventDate "2024.08.10"]
[EventType "swiss"]
[EventRounds "9"]
[EventCountry "CZE"]
[SourceTitle "CBM 221 Extra"]
[Source "ChessBase"]
[SourceDate "2024.09.30"]
[SourceVersion "1"]
[SourceVersionDate "2024.09.30"]
[SourceQuality "1"]

1. e4 Nc6 2. Nf3 e5 3. Bb5 d6 4. c3 Bd7 5. d4 Nf6 6. Qe2 Be7 7. d5 Nb8 8. Bd3 Bg4 9. Be3 Nbd7 10. Nbd2 b6 11. b4 0-0 12. 0-0 h6 13. h3 Bh5 14. Rfc1 Nh7 15. g4 Bg6 16. Kg2 Ng5 17. Nh2 f6 18. h4 Nf7 19. Ndf1 a5 20. a4 Bh7 21. Ng3 g5 22. Nf3 gxh4 23. Nxh4 Kh8 24. Nhf5 Rg8 25. Rh1 Bf8 26. Bxh6 Nxh6 27. Nxh6 Qe8 28. Nhf5 Qg6 29. Bb5 Rd8 30. Qf3 Qxg4 31. Rxh7+ Kxh7 32. Rh1+ 1-0